When the rot sets in (Record no. 118477)
[ view plain ]
| 000 -LEADER | |
|---|---|
| fixed length control field | 01485cam a2200241 4500 |
| 001 - CONTROL NUMBER | |
| control field | ABS68675 |
| 008 - FIXED-LENGTH DATA ELEMENTS--GENERAL INFORMATION | |
| fixed length control field | 050112n2004 000 0 eng u |
| 035 ## - SYSTEM CONTROL NUMBER | |
| System control number | (Sirsi) u128491 |
| 100 ## - MAIN ENTRY--PERSONAL NAME | |
| Personal name | Murdoch, J. |
| 245 ## - TITLE STATEMENT | |
| Title | When the rot sets in |
| 260 ## - PUBLICATION, DISTRIBUTION, ETC. | |
| Date of publication, distribution, etc. | 2004 |
| 490 ## - SERIES STATEMENT | |
| Series statement | Estates Gazette |
| Volume/sequential designation | (0447) 20 November 2004, 163(1) |
| 520 ## - SUMMARY, ETC. | |
| Summary, etc. | Discusses misrepresentation in replies to buyers' enquiries in the light of "Clinicare Ltd v Orchard Homes and Developments Ltd", ([2004] EWHC 1694 (QB), [2004] PLSCS 176). A written indication by defendant property developer (O) during lease negotiations with claimant (C) that it was unaware of dry rot affecting the property amounted to fraudulent misrepresentation including a negligent misrepresentation that reasonable steps had been taken to see whether dry rot existed. O's subsequent verbal statement had alluded to the historic existence of dry rot, which did not however correct the implied representation that O had performed reasonable investigations. Points out that answers to enquiries before contract may all too easily constitute a misrepresentation but liability requires misrepresentation to be material and to have been relied upon. |
| 590 ## - LOCAL NOTE (RLIN) | |
| Local note | ABS |
| 590 ## - LOCAL NOTE (RLIN) | |
| Local note | ABS |
| 650 ## - SUBJECT ADDED ENTRY--TOPICAL TERM | |
| Topical term or geographic name entry element | CLINICARE LTD V ORCHARD HOMES AND DEVELOPMENTS LTD |
| 650 ## - SUBJECT ADDED ENTRY--TOPICAL TERM | |
| Topical term or geographic name entry element | DRY ROT |
| 650 ## - SUBJECT ADDED ENTRY--TOPICAL TERM | |
| Topical term or geographic name entry element | CONVEYANCING |
| 650 ## - SUBJECT ADDED ENTRY--TOPICAL TERM | |
| Topical term or geographic name entry element | PROPERTY DEVELOPMENT |
| 650 ## - SUBJECT ADDED ENTRY--TOPICAL TERM | |
| Topical term or geographic name entry element | LEASE NEGOTIATIONS |
| 690 ## - LOCAL SUBJECT ADDED ENTRY--TOPICAL TERM (OCLC, RLIN) | |
| Topical term or geographic name as entry element | PROPERTY AND LAND LAW-CONVEYANCING |
| 942 ## - ADDED ENTRY ELEMENTS (KOHA) | |
| Suppress in OPAC | 0 |
| Withdrawn status | Lost status | Source of classification or shelving scheme | Damaged status | Not for loan | Home library | Current library | Shelving location | Date acquired | Total Checkouts | Full call number | Barcode | Date last seen | Copy number | Price effective from | Koha item type |
|---|---|---|---|---|---|---|---|---|---|---|---|---|---|---|---|
| Dewey Decimal Classification | London | London | Journal article | 12/01/2005 | ABS68675 | 128491-1001 | 06/08/2019 | 1 | 06/08/2019 | Journal article |